Patio de agua. Manifiesto democrático para una revolución social

Guardat en:
Dades bibliogràfiques
Format: Text
Publicat: San José: Impresos Urgentes
Etiquetes: Afegir etiqueta
Sense etiquetes, Sigues el primer a etiquetar aquest registre!

MARC

LEADER 00000 a a2200000 04500
001 21366
003
040
090 |a 093800  
245 |a Patio de agua. Manifiesto democrático para una revolución social  
260 |a San José:   |b Impresos Urgentes  
300 |a 63 p.  
999 |c 5714  |d 5714